000 00249nam a2200109Ia 4500
008 190216s9999||||xx |||||||||||||| ||und||
100 _aGrumer
245 0 _aPhilosophy Of Critical History
260 _bGower Press
650 _aHistory
942 _cBK
999 _c19752
_d19752